Why is liberal peacebuilding so difficult?: some lessons from Central America /
Պահպանված է:
| Հիմնական հեղինակ: | |
|---|---|
| Ձևաչափ: | Տեքստ |
| Ցուցիչներ: |
Ավելացրեք ցուցիչ
Չկան պիտակներ, Եղեք առաջինը, ով նշում է այս գրառումը!
|
MARC
| LEADER | 00000 a a2200000 04500 | ||
|---|---|---|---|
| 001 | 43822 | ||
| 003 | |||
| 040 | |||
| 100 | |a Kurtenbach, Sabine | ||
| 245 | |a Why is liberal peacebuilding so difficult?: |b some lessons from Central America / |c Sabine Kurtenbach | ||
| 773 | |g número88 ( , 2010), páginas 95-110 | ||
| 999 | |c 29102 |d 29102 | ||
